An advanced english grammar

-д хадгалсан:
Номзүйн дэлгэрэнгүй
Үндсэн зохиолчид: Christophersen, Paul (Зохиогч), Sandved, Arthur O (Зохиогч)
Формат: Ном
Хэл сонгох:англи
Хэвлэсэн: Londres Macmillan Education 1977
Нөхцлүүд:
Шошгууд: Шошго нэмэх
Шошго байхгүй, Энэхүү баримтыг шошголох эхний хүн болох!

MARC

LEADER 00000nam a2200000 a 4500
001 UCT5130
003 CL-VaPUC
008 961129e19770000UK |||||||||||||||||eng|d
082 0 4 |a 425  |b CHR  |2 21 
100 0 |a Christophersen, Paul  |e author  |9 374433 
700 0 |a Sandved, Arthur O  |e author  |9 374434 
245 1 3 |a An advanced english grammar 
300 |a 278 p 
942 |c BK 
945 |d 19961129 00:00:00  |a nastorga 
260 |a Londres  |b Macmillan Education  |c 1977 
650 0 |a Gramática  |9 270497 
650 7 |a LENGUA  |2 CL-VaPUC  |9 329614 
650 7 |a FONEMAS  |2 CL-VaPUC  |9 374435 
650 0 |a Morfología  |9 334440 
650 0 |a Inglés  |9 260023 
583 |a last modification  |c 19961129 00:00:00  |k Rodrigo Vera 
999 |c 254147  |d 254145 
952 |0 0  |1 0  |4 0  |6 425_000000000000000_CHR_1977  |7 0  |8 A  |9 275601  |a BIBEDU  |b BIBEDU  |d 2019-11-19  |i 3254712  |o 425 CHR 1977  |p 3254712  |r 2019-11-19  |w 2019-11-19  |y BK  |k LIT